000 00498nam a2200193Ia 4500
005 20240823051701.0
008 240823s9999||||xx |||||||||||||| ||und||
020 _a81-224-1475-1
041 _aENGLISH
082 _A621.4022 N8
100 _aSachdeva R C
245 0 _aFundamentals of Engineering Heat and Mass Transfer
250 _a1st
260 _c1988
_bNew Age (wiley) New Delhi
500 _aTRANSFERED
650 _aHeat
_bAeronautical Engineering
942 _cBK
999 _c220142
_d220142